000
00268nam a2200097Ia 4500
008
200302s9999 xx 000 0 und d
100
_a
Frrabcusco Asensio Cerver
245
_a
Arco Colour Architecture New European Architecture
260
_b
Paco Asensio
300
_a
159 P.,
999
_c
2427
_d
2427